Tv Show Logos Part 2 - Statistics

General Stats
  • This quiz has been taken 9,496 times
  • The average score is 11 of 15
Answer Stats
Picture Answer % Correct
Breaking Bad
96%
Gossip Girl
95%
How i met your mother
94%
Criminal Minds
93%
Pretty Little Liars
87%
Orange is the new Black
84%
Dexter
82%
How to get away with murder
82%
Glee
81%
Killing Eve
73%
Blacklist
71%
Gotham
59%
Marvel agents of shield
59%
Roseanne
48%
ER
44%
No matching quizzes found
Score Distribution
Percent of People with Each Score
Percentile by Number Answered
Your Score History
You have not taken this quiz